Esquema de la matemática actual /

Guardado en:
Autor Principal: Titchmarsh, E
Formato: Libro
Publicado: Buenos Aires : Fondo de Cultura económica, 1951
Materias:
Etiquetas: Agregar Etiqueta
Sin Etiquetas, Sea el primero en etiquetar este registro!
LEADER 01068nam a22002175a 4500
001 CEM.cems006263
005 20060214000000.0
008 130507s1951##################000#0#####d
003 CEMS
082 0 4 |a 510 
100 1 |a Titchmarsh, E 
245 1 0 |a Esquema de la matemática actual / 
260 |a Buenos Aires :  |b Fondo de Cultura económica,  |c 1951 
300 |a 195 p. 
505 0 |a Revision de las sucesivas ampliaciónes del campo numerico hasta los numeros raciónales; Conjunto y subconjunto; Expresiones algebraicas enteras, raciónales e irraciónales; Expresiones algebraicas; Factoreo; Enunciado y ecuaciónes de primer grado con una incognita; Funciónes; Sistema de dos ecuaciónes de primer grado con dos incognitas; Proporciónalidad de segmentos; Triangulos semejantes; Poligonos semejantes; Sistemas de medidas de angulos; Funciónes trigonometricas 
653 |a Algebra 
653 |a Aritmetica 
653 |a Derivadas 
653 |a Ecuaciones 2do. grado 
653 |a Ecuaciones diferenciales 
859 |a CEMS  |b BIB. CEMS - 11 de abril  |h 510  |i T53  |p 10565.81  |t Ej.1